Современный литоморфогенез на восточно-арктическом шельфе России: монография
| Collectivités auteurs: | , |
|---|---|
| Autres auteurs: | , , , , |
| Résumé: | Заглавие с титульного экрана Электронная версия печатной публикации В монографии рассматриваются особенности формирования донных осадков и реликтовых субаэрального криогенного рельефа восточно-арктических морей России - Лаптевых, Восточно-Сибирского, Чукотского. Представлена новая карта донных осадков, выявлены тренды изменения элементно-изотопного и молекулярного сигнала органического углерода, оценен современный статус некоторых форм позднеплейстоценового субаэрального рельефа. Достоверно обоснована связь пространственной изменчивости литологического состава с важнейшими палеогеографическими событиями позднечетвертичного времени. Предназначена для специалистов, занимающихся изучением арктических морей. В качестве дополнительного пособия для самообразования может быть рекомендована студентами, занимающимся науками о Земле. Режим доступа: из корпоративной сети ТПУ |
| Langue: | russe |
| Publié: |
Томск, Изд-то ТПУ, 2016
|
| Sujets: | |
| Accès en ligne: | http://www.lib.tpu.ru/fulltext2/m/2017/m024.pdf |
| Format: | MixedMaterials Électronique Livre |
| KOHA link: | https://koha.lib.tpu.ru/cgi-bin/koha/opac-detail.pl?biblionumber=329755 |
MARC
| LEADER | 00000nlm0a2200000 4500 | ||
|---|---|---|---|
| 001 | 329755 | ||
| 005 | 20240823063200.0 | ||
| 035 | |a (RuTPU)RU\TPU\book\355523 | ||
| 035 | |a RU\TPU\book\355517 | ||
| 090 | |a 329755 | ||
| 100 | |a 20170321d2016 k y0rusy50 ca | ||
| 101 | 0 | |a rus | |
| 102 | |a RU | ||
| 105 | |a a z 001zy | ||
| 135 | |a drcn ---uucaa | ||
| 181 | 0 | |a i | |
| 182 | 0 | |a b | |
| 200 | 1 | |a Современный литоморфогенез на восточно-арктическом шельфе России |e монография |f О. В. Дударев [и др.] |g Национальный исследовательский Томский политехнический университет (ТПУ) | |
| 203 | |a Текст |c электронный | ||
| 210 | |a Томск |c Изд-то ТПУ |d 2016 | ||
| 300 | |a Заглавие с титульного экрана | ||
| 300 | |a Электронная версия печатной публикации | ||
| 330 | |a В монографии рассматриваются особенности формирования донных осадков и реликтовых субаэрального криогенного рельефа восточно-арктических морей России - Лаптевых, Восточно-Сибирского, Чукотского. Представлена новая карта донных осадков, выявлены тренды изменения элементно-изотопного и молекулярного сигнала органического углерода, оценен современный статус некоторых форм позднеплейстоценового субаэрального рельефа. Достоверно обоснована связь пространственной изменчивости литологического состава с важнейшими палеогеографическими событиями позднечетвертичного времени. Предназначена для специалистов, занимающихся изучением арктических морей. В качестве дополнительного пособия для самообразования может быть рекомендована студентами, занимающимся науками о Земле. | ||
| 333 | |a Режим доступа: из корпоративной сети ТПУ | ||
| 606 | 1 | |a Моря |x Осадконакопление |2 stltpush |3 (RuTPU)RU\TPU\subj\44487 |9 63806 | |
| 610 | 1 | |a электронный ресурс | |
| 610 | 1 | |a монографии | |
| 610 | 1 | |a труды учёных ТПУ | |
| 610 | 1 | |a шельфы | |
| 610 | 1 | |a Россия | |
| 610 | 1 | |a донные осадки | |
| 610 | 1 | |a реликты | |
| 610 | 1 | |a водосборы | |
| 610 | 1 | |a седиментация | |
| 610 | 1 | |a литогенез | |
| 610 | 1 | |a восточно-арктический шельф | |
| 610 | 1 | |a море Лаптевых | |
| 610 | 1 | |a Восточно-Сибирское море | |
| 610 | 1 | |a Чукотское море | |
| 610 | 1 | |a органический углерод | |
| 610 | 1 | |a арктические моря | |
| 610 | 1 | |a литологический состав | |
| 675 | |a 551.35.051 |v 4 | ||
| 701 | 1 | |a Дударев |b О. В. |c геолог |c научный сотрудник Томского политехнического университета, кандидат геолого-минералогических наук |f 1955- |g Олег Викторович |3 (RuTPU)RU\TPU\pers\35126 | |
| 701 | 1 | |a Чаркин |b А. Н. |c геолог |c инженер-исследователь Томского политехнического университета, кандидат геолого-минералогических наук |f 1980- |g Александр Николаевич |3 (RuTPU)RU\TPU\pers\35378 | |
| 701 | 1 | |a Шахова |b Н. Е. |c геолог |c профессор Томского политехнического университета, доктор геолого-минералогических наук |f 1959- |g Наталья Евгеньевна |3 (RuTPU)RU\TPU\pers\35373 | |
| 701 | 1 | |a Мазуров |b А. К. |c горный инженер геолог |c профессор-консультант Томского политехнического университета, доктор геолого-минералогических наук |f 1951- |g Алексей Карпович |x TPU |y Томск |3 (RuTPU)RU\TPU\pers\26068 |9 11906 | |
| 701 | 1 | |a Семилетов |b И. П. |c географ |c профессор Томского политехнического университета, доктор географических наук |f 1955- |g Игорь Петрович |3 (RuTPU)RU\TPU\pers\34205 | |
| 712 | 0 | 2 | |a Национальный исследовательский Томский политехнический университет (ТПУ) |b Институт природных ресурсов (ИПР) |b Кафедра геологии и разведки полезных ископаемых (ГРПИ) |b Международная научно-образовательная лаборатория изучения углерода арктических морей (МНОЛ ИУАМ) |3 (RuTPU)RU\TPU\col\20711 |
| 712 | 0 | 2 | |a Национальный исследовательский Томский политехнический университет (ТПУ) |b Институт природных ресурсов (ИПР) |b Кафедра геологии и разведки полезных ископаемых (ГРПИ) |3 (RuTPU)RU\TPU\col\18660 |
| 801 | 1 | |a RU |b 63413507 |c 20131204 | |
| 801 | 2 | |a RU |b 63413507 |c 20170913 |g RCR | |
| 856 | 4 | |u http://www.lib.tpu.ru/fulltext2/m/2017/m024.pdf | |
| 942 | |c CF | ||